| 000 | 00857nam a2200253Ia 4500 | ||
|---|---|---|---|
| 003 | GCL | ||
| 008 | 140319s9999 xx 000 0 ara d | ||
| 040 |
_aGCL / _cGCL |
||
| 082 | 0 | 4 |
_a301.32 _bس س |
| 100 | 1 | _aسمير الميلادى (اعداد) | |
| 245 | 1 | 0 |
_aالسكان والغذاء والتغذية فى الدول العربية / _cسمير الميلادى (اعداد) |
| 700 | 1 | _aمحمد فراج | |
| 260 |
_a[S.N] : _bمنظمة الاغذية والزراعة للأمم المتحدة |
||
| 300 | _a133 ص | ||
| 490 | _a | ||
| 650 | 0 | 4 | _aالدول العربية |
| 650 | 0 | 4 | _aالسكان |
| 650 | 0 | 4 | _aالتغذية |
| 650 | 0 | 4 | _aالجوانب الاقتصادية |
| 650 | 0 | 4 | _aسوء التغذية |
| 650 | 0 | 4 | _aالتغذية الصناعية |
| 650 | 0 | 4 | _aالاحصائيات الحيوية |
| 942 |
_2ddc _cBK |
||
| 999 |
_c34889 _d34889 |
||